Lecciones de matemática // Lecciones de matemática. - Análisis (Запись № 3572041)

Подробности
000 -МАРКЕР
контрольное поле 01828nam1a2200349 i 4500
001 - ИДЕНТИФИКАТОР ЗАПИСИ
контрольное поле RU\NLR\b_ik\169351
005 - ИДЕНТИФИКАТОР ВЕРСИИ
контрольное поле 20241225160452.0
035 ## - ДРУГИЕ СИСТЕМНЫЕ НОМЕРА
Идентификатор записи (NLR Aleph) 002242088
100 ## - ДАННЫЕ ОБЩЕЙ ОБРАБОТКИ
Данные общей обработки 20080519g20089999u y0rusy50 ba
101 1# - ЯЗЫК РЕСУРСА
Язык текста, звукозаписи и т.д. испанский, кастильский испанский
Язык оригинала русский
102 ## - СТРАНА ПУБЛИКАЦИИ ИЛИ ПРОИЗВОДСТВА
Страна публикации российская федерация
105 ## - ПОЛЕ КОДИРОВАННЫХ ДАННЫХ: ТЕКСТОВЫЕ МАТЕРИАЛЫ, МОНОГРАФИЧЕСКИЕ
Кодированные данные о монографическом текстовом документе ||||z |||||
200 1# - ЗАГЛАВИЕ И СВЕДЕНИЯ ОБ ОТВЕТСТВЕННОСТИ
Основное заглавие Lecciones de matemática
Первые сведения об ответственности V. Boss
Последующие сведения об ответственности trad. del ruso por Carlos Daniel Navarro Hernández [et al.]
210 ## - ПУБЛИКАЦИЯ, РАСПРОСТРАНЕНИЕ И ДР.
Место издания, распространения и т.д. Moscú
Имя издателя, распространителя и т. д. URSS
-- КомКнига
Дата издания, распространения и т.д. cop. 2008
215 ## - ФИЗИЧЕСКАЯ ХАРАКТЕРИСТИКА
Размеры 22
300 ## - ОБЩИЕ ПРИМЕЧАНИЯ
Текст примечания В вып. дан.: Лекции по математике / Босс В.
463 #1 - УРОВЕНЬ ФИЗИЧЕСКОЙ ЕДИНИЦЫ
Встроенное поле 001RU\NLR\b_ik\168985
-- 2001#$aAnálisis
Идентификатор связанной записи RU\NLR\b_ik\168985
Системный номер (АБИС) связанной записи 3567381
Место публикации Б. м.
Дата публикации cop. 2008
Физическая характеристика 218 с.
Заглавие Lecciones de matemática. - Análisis
ISBN 978-5-484-01051-6
463 #0 - УРОВЕНЬ ФИЗИЧЕСКОЙ ЕДИНИЦЫ
Встроенное поле 001RU\NLR\b_ik\184843
Идентификатор связанной записи RU\NLR\b_ik\184843
Системный номер (АБИС) связанной записи 3771494
Место публикации Б. м.
Дата публикации 2010
Физическая характеристика 199 с.
Заглавие Ecuaciones diferenciales
ISBN 978-5-396-00065-0
463 #0 - УРОВЕНЬ ФИЗИЧЕСКОЙ ЕДИНИЦЫ
Встроенное поле 001RU\NLR\b_ik\190438
Идентификатор связанной записи RU\NLR\b_ik\190438
Системный номер (АБИС) связанной записи 3844126
Место публикации Moscú
Дата публикации cop. 2011
Имя издателя, распространителя и т.д. URSS
Физическая характеристика 214 с.
Заглавие Logica, algoritmos, computabilidad. De Diofanto a Turing y Gödel
ISBN 978-5-396-00069-8
463 #0 - УРОВЕНЬ ФИЗИЧЕСКОЙ ЕДИНИЦЫ
Встроенное поле 001RU\NLR\b_ik\190450
Идентификатор связанной записи RU\NLR\b_ik\190450
Системный номер (АБИС) связанной записи 3844290
Место публикации Moscú
Дата публикации cop. 2011
Имя издателя, распространителя и т.д. URSS
Физическая характеристика 228 с.
Заглавие Probabilidad. Información. Estadística
ISBN 978-5-396-00067-4
463 #0 - УРОВЕНЬ ФИЗИЧЕСКОЙ ЕДИНИЦЫ
Встроенное поле 001RU\NLR\b_ik\190441
Идентификатор связанной записи RU\NLR\b_ik\190441
Системный номер (АБИС) связанной записи 3844169
Место публикации Moscú
Дата публикации cop. 2011
Имя издателя, распространителя и т.д. URSS
Физическая характеристика 222 с.
Заглавие Análisis funcional
ISBN 978-5-396-00068-1
463 #0 - УРОВЕНЬ ФИЗИЧЕСКОЙ ЕДИНИЦЫ
Встроенное поле 001RU\NLR\b_ik\190463
Идентификатор связанной записи RU\NLR\b_ik\190463
Системный номер (АБИС) связанной записи 3844455
Место публикации Moscú
Дата публикации 2011
Имя издателя, распространителя и т.д. URSS
Физическая характеристика 226 с.
Заглавие Álgebra lineal
ISBN 978-5-396-00066-7
517 0# - ДРУГИЕ ВАРИАНТЫ ЗАГЛАВИЯ
Вариант заглавия Лекции по математике
606 1# - НАИМЕНОВАНИЕ ТЕМЫ КАК ПРЕДМЕТ
Наименование темы Математика
Системный номер авторитетной/нормативной записи 922118
Идентификатор авторитетной/нормативной записи RU\NLR\AUTH\6619329
686 1# - ИНДЕКСЫ ДРУГИХ КЛАССИФИКАЦИЙ
Индекс В11
700 #1 - ИМЯ ЛИЦА - ПЕРВИЧНАЯ ОТВЕТСТВЕННОСТЬ
Начальный элемент ввода Boss
Часть имени, кроме начального элемента ввода V.
Код отношения Автор
801 #0 - ИСТОЧНИК ЗАПИСИ
Страна российская федерация
Организация NLR
Дата составления 20080519
Правила каталогизации RCR
852 ## - МЕСТОНАХОЖДЕНИЕ И ШИФР ХРАНЕНИЯ
Идентификатор организации NLR
Наименование фонда или коллекции (Sub-Location Identifier) Ик
Шифр хранения (Call Number) 2008-5/803
942 ## - ДОПОЛНИТЕЛЬНЫЕ ЭЛЕМЕНТЫ ЗАПИСИ (АБИС)
Тип экземпляра АБИС Книга

Нет доступных экземпляров.